000 00308nam a2200133Ia 4500
100 _aUNIX System V /386 RELEASE 4
942 _cBK
654 _aunix
245 _aProgrammer''''s Reference Manual
260 _bPrentice-Hall of India
_aNew Delhi
_c1992
300 _a752
546 _aENGLISH
999 _c20808
_d20808